000 01240nam a2200325Ia 4500
001 ebr10225438
003 CaPaEBR
006 m u
007 cr cn|||||||||
008 070604s2008 njua sb 001 0 eng d
010 _z 2007023154
020 _z9780471790532 (cloth)
020 _z0471790532 (cloth)
040 _aCaPaEBR
_cCaPaEBR
035 _a(OCoLC)209942030
050 1 4 _aTJ163.2
_b.W55 2008eb
082 0 4 _a333.79
_222
100 1 _aWilson, John R.
245 1 0 _aEnergizing our future
_h[electronic resource] :
_brational choices for the 21st century /
_cJohn R. Wilson, Griffin Burgh.
260 _aHoboken, N.J. :
_bWiley-Interscience,
_cc2008.
300 _axxvi, 390 p. :
_bill.
504 _aIncludes bibliographical references and index.
533 _aElectronic reproduction.
_bPalo Alto, Calif. :
_cebrary,
_d2009.
_nAvailable via World Wide Web.
_nAccess may be limited to ebrary affiliated libraries.
650 0 _aPower resources.
650 0 _aElectric power.
655 7 _aElectronic books.
_2local
700 1 _aBurgh, Griffin.
710 2 _aebrary, Inc.
856 4 0 _uhttp://site.ebrary.com/lib/rucke/Doc?id=10225438
_zAn electronic book accessible through the World Wide Web; click to view
999 _c26874
_d26874